[Event "Asia-ch"]
[Site "Kolkata"]
[Date "2001.08.16"]
[Round "10"]
[White "Isaev, Jamshed"]
[Black "Izmukhambetov, Salauat"]
[Result "1-0"]
[WhiteElo "2454"]
[BlackElo "2352"]
[Annotator "Finkel,A"]
[PlyCount "67"]
[EventDate "2001.08.09"]
[EventType "swiss"]
[EventRounds "11"]
[EventCountry "IND"]
[SourceTitle "CBM 085"]
[Source "ChessBase"]
[SourceDate "2001.11.13"]
[SourceVersion "1"]
[SourceVersionDate "2001.11.13"]
[SourceQuality "1"]

1. e4 Nf6 2. e5 Nd5 3. d4 d6 4. c4 Nb6 5. f4 {The most principal variation
leading to the very sharp struggle} dxe5 6. fxe5 Nc6 7. Be3 Bf5 8. Nc3 e6 9.
Nf3 Bg4 10. Qd2 Be7 (10... Qd7 11. O-O-O (11. Be2 O-O-O 12. Rd1 f6 13. exf6
Bxf3 14. gxf3 gxf6 15. O-O Bc5 $13 {Pilgaard,K-Bjerring,K/Statoil Cup 1995})
11... Bb4 12. Be2 O-O-O 13. h3 Bh5 14. g4 Bg6 15. Bd3 f6 16. exf6 gxf6 $132 {
Baer,S-Mc Keown,P/Dreifluesse op 8th 2000}) (10... Na5 11. b3 Bb4 12. Be2 O-O
13. O-O c5 14. Qc2 Bf5 $13 {Dubois,J-Ehlvest,J/FRA-chT 1993}) (10... Bb4 11. a3
Be7 12. Ne4 Qd7 13. Be2 O-O-O 14. O-O-O Bf5 15. Ng3 Bg6 16. h4 Nb4 $1 $40 {
Huebner,R-Hort,V/Biel 1987}) (10... Bxf3 11. gxf3 Bb4 12. a3 Be7 13. b4 Bh4+
14. Kd1 f6 15. f4 $14 {Van Donk,H-Van Bemmel,K/NLD-chT9596}) 11. O-O-O (11. Be2
Bxf3 12. gxf3 Bh4+ 13. Kd1 Qd7 14. Kc1 O-O-O 15. Rd1 f6 16. f4 fxe5 17. fxe5
Qe7 18. Qc2 Bg5 19. Qe4 $13 {1/2-1/2 Utman,C-Zapata,M/Santiago 1993}) 11... Qd7
12. h3 Bf5 13. Bd3 $6 {This move permits black to get serious counterchanses,
while after natural} (13. d5 exd5 (13... Na5 14. Bxb6 axb6 15. Bd3 Bxd3 16.
Qxd3 $14) (13... Nb4 $5) 14. cxd5 Nb4 15. a3 Nc2 16. Bxb6 axb6 17. Bb5 c6 18.
e6 $1 $16 {white has very dangerous initiative}) 13... Nb4 $5 (13... Bxd3 $5
14. Qxd3 Nb4 15. Qe2 Na4 $132 {[%csl Ra2]}) 14. Bxf5 Nxc4 15. Qe2 Nxe3 16. Qxe3
exf5 17. d5 $8 O-O 18. Qf4 $1 $44 {[%cal Gg2g4] White has sufficient
compensation for the pawn due to attacking chanses against black king.} a5 $6 {
[%cal Ga8a6]} (18... Bc5 19. g4 fxg4 20. hxg4 f6 21. e6 Qe7 22. Qe4 g6 23. a3
Na6 24. Rh3 $36 {[%csl Rh7][%cal Gd1h1]}) 19. g4 fxg4 (19... g6 $5) 20. hxg4
Ra6 21. g5 Rg6 (21... Rb6 22. Rd2 a4 23. Qe4 Rg6 24. Rdh2 $18) 22. Rh5 h6 23.
a3 Ra8 $6 {Missing a chanse to get drawing chanses after} (23... Bxg5 24. Nxg5
Rxg5 25. Rxg5 hxg5 26. Qh2 Qg4 27. axb4 axb4 28. Rh1 Qh4 29. Qxh4 gxh4 30. Nb5
c6 $16 {and white has to work hard to win the game.}) 24. gxh6 Qg4 25. Qxg4
Rxg4 26. hxg7 $18 {Now it's all over.} Ra6 (26... Kxg7 27. axb4 axb4 28. Ne2
Ra1+ 29. Kd2 Ra2 30. Kc2 $18) 27. axb4 axb4 28. Ne2 b3 {[%cal Ge7b4,Ga6a1]} 29.
Kd2 Bb4+ 30. Kd3 Ra2 31. Ned4 Kxg7 32. Nf5+ Kg6 33. Rh6+ $1 Kxf5 34. Rf6# 1-0

[Event "RUS-Cup9"]
[Site "Novgorod"]
[Date "1997.??.??"]
[Round "3"]
[White "Morozevich, Alexander"]
[Black "Bratchenko, Alexander"]
[Result "1-0"]
[WhiteElo "2595"]
[BlackElo "2390"]
[Annotator "Finkel,A"]
[PlyCount "43"]
[EventDate "1997.06.11"]
[EventType "swiss"]
[EventRounds "9"]
[EventCountry "RUS"]
[SourceTitle "CBM 060"]
[Source "ChessBase"]
[SourceDate "1997.09.29"]
[SourceVersion "1"]
[SourceVersionDate "1997.09.29"]
[SourceQuality "1"]

1. e4 Nf6 2. e5 Nd5 3. d4 d6 4. c4 Nb6 5. f4 dxe5 6. fxe5 Nc6 (6... Bf5) 7. Be3
Bf5 8. Nc3 e6 9. Nf3 Be7 $6 {Quiet dubious continuation,leading to very
dangerous position right after the opening.} (9... Bb4) 10. d5 exd5 11. cxd5
Nb4 12. Nd4 Bc8 (12... Bg6 13. Bb5+ Kf8 14. O-O Kg8 15. Nf5 $1 (15. Qf3 h6 $6 (
15... N4xd5 $1) 16. Nf5 Nc2 17. Bxb6 axb6 18. d6 (18. Rad1 $1 $14) 18... cxd6
19. Rad1 d5 $13 {Butt,S-Datu,I/WchJ Baguio 1987 (44)}) 15... Bxf5 (15... N4xd5
$2 16. Nxd5 Nxd5 17. Qxd5 $1 Bxf5 18. Qxd8+ Rxd8 19. Rxf5 $18 {Belanger,
J-Thurman,J/North Bay op 1994 (26)}) 16. Rxf5 (16. Bxb6 $5 Bg6 17. Bf2 Bg5 18.
Qf3 a6 19. Bc4 $36 {Winterstein,W-Sunder,T/OLHessen 1991 (23)}) 16... N4xd5 17.
Bxb6 Nxb6 18. Qb3 Bc5+ 19. Kh1 Qe7 20. Na4 $1 Qe6 (20... Nxa4 21. Rxf7 $1) 21.
Nxc5 $1 Qxf5 22. Rf1 Qh5 23. Be2 Qg6 24. Bd3 Qh5 25. g4 {1-0 Stanciu,T-Partos,
C/Romania 1971}) (12... Qd7 $2 13. Qf3 $1 (13. a3 $5 $16 Bg4 $2 14. e6 $1 fxe6
15. Qxg4 $18 {Majstorovic,L-Vujic/corr 1974 (18)}) 13... Bg6 14. d6 $1 O-O-O (
14... cxd6 15. Bb5 Nc6 16. Nxc6 bxc6 17. Bxc6 $18) 15. dxe7 Qxe7 16. a3 N4d5
17. Bf4 $16 {Movsziszian-Kirilov,V/Pardubice op 1992 (32)}) 13. Bb5+ c6 (13...
Kf8 14. e6 $5 N6xd5 15. Qh5 fxe6 16. O-O+ Bf6 17. Bg5 $40) 14. dxc6 O-O 15. O-O
Qc7 (15... a6 16. cxb7 Bxb7 17. Be2 N4d5 18. Bf2 Bg5 19. Nf5 Bc6 20. Ne4 $16 {
Ghizdavu,D-Suta,M/Romania 1970 (27)}) 16. cxb7 (16. e6 $5 bxc6 17. exf7+ Kh8
18. Bd3 (18. Ba4 $5) 18... Nxd3 19. Qxd3 Bf6 20. Ne4 $16 {Yudovich jr,
M-Ignatiev,F/USSR 1974 (58)}) 16... Bxb7 17. Qg4 $16 {White is giving back his
extra pawn developing extremly dangerous initiative.} (17. e6 $5) 17... Qxe5
18. Rae1 Bd6 (18... Bc8 19. Nf5 Bd6 (19... Bxf5 20. Rxf5 Qe6 21. Bf2 Qg6 22.
Qe4 $18) 20. Nh6+ Kh8 21. Qh4 $1 $18) 19. Nf5 $1 {This move is actually
deciding the game.Black is hopeless against numerous threats.} Bc8 (19... Qxh2+
20. Kf2 g6 21. Rh1 Qxg2+ 22. Qxg2 Bxg2 23. Nh6+ $18) 20. Nh6+ Kh8 21. Qh4 $1
$18 Bc5 (21... Qxh2+ 22. Qxh2 Bxh2+ 23. Kxh2 gxh6 24. Bc5 $18) (21... Be7 22.
Rxf7 $1 $18) 22. Nxf7+ $1 {Very nice game,which is showing us the importance
of opening knowledges.} 1-0

[Event "UKR-ch"]
[Site "Ordzhonikidze"]
[Date "2001.09.14"]
[Round "7"]
[White "Firman, Nazar"]
[Black "Sergeev, Vladimir"]
[Result "1-0"]
[WhiteElo "2511"]
[BlackElo "2498"]
[Annotator "Finkel,A"]
[PlyCount "121"]
[EventDate "2001.09.08"]
[EventType "swiss"]
[EventRounds "9"]
[EventCountry "UKR"]
[SourceTitle "CBM 086"]
[Source "ChessBase"]
[SourceDate "2002.02.05"]
[SourceVersion "1"]
[SourceVersionDate "2002.02.05"]
[SourceQuality "1"]

1. e4 Nf6 2. e5 Nd5 3. c4 Nb6 4. d4 d6 5. exd6 exd6 6. Nc3 Be7 7. h3 {This
variation promises white minimal advantage (if any!), but black still has to
be very careful not to get into troubles. This game is quiet typical for the
whole variation.} O-O 8. Nf3 Re8 9. Be2 Bf6 10. O-O Nc6 11. Bf4 (11. Be3 Bf5
12. b3 (12. Rc1 Qd7 13. a3 Rad8 14. b4 d5 15. cxd5 Nxd5 16. Nxd5 Qxd5 17. Bc4
Qd7 $132 {Ambroz,J-Sergeev,V/CZE-chT 9596}) 12... h6 13. Rc1 Re7 14. Qd2 Qe8
15. Rfe1 Bh7 16. Nh2 Bf5 17. Ng4 Bxg4 {1/2-1/2 Dovzik,J-Sergeev,V/Presov 1997/
EXT 98 (17)}) 11... Bf5 12. Rc1 (12. b3 Be4 13. Nxe4 Rxe4 14. Be3 d5 15. c5 Nd7
16. Bd3 Re8 17. Qd2 Nf8 18. b4 $14 {Marcelin,C-Zilberman,Y/Herzliya 2000/CBM 79
}) (12. Re1 h6 13. Qd2 Qd7 (13... a6 14. Rac1 d5 {1/2-1/2 Nielsen,U-Jorgensen,
J/Norresundby 2000/EXT 2001 (14)}) 14. b3 Re7 15. Rac1 Rae8 16. Red1 Bh7 17.
Bf1 g5 18. Bg3 Qf5 19. Bd3 Qxd3 20. Qxd3 Bxd3 $11 {Plump,D-Rufer,M/Germany
1988/EXT 97-B}) 12... h6 (12... Bg6 13. Re1 a6 14. b3 d5 15. c5 Nc8 16. b4 Be4
17. b5 axb5 18. Nxb5 Re7 $13 {Gallagher,J-Sutter,O/SWZ 1997/EXT 99}) 13. b3 Re7
(13... Bg6 14. c5 $2 dxc5 15. dxc5 Qxd1 16. Bxd1 Bxc3 17. cxb6 Bb2 $17 {
Ager,J-Pingitzer,H/AUT 1992/EXT 2000}) 14. Qd2 Qd7 15. Rfd1 {White's plan is
to transfer c5 at some stage.} (15. d5 Ne5 16. Nd4 Bh7 17. Rfd1 Rae8 18. Bf1
Qc8 $13 {[%cal Gb6d7,Gd7c5]}) 15... Rae8 16. Bf1 Qd8 17. c5 $1 dxc5 18. dxc5
Qxd2 (18... Rd7 $6 19. cxb6 Rxd2 20. Rxd2 Qc8 21. bxc7 $14 {[%csl Gc7][%cal
Gc3b5,Gb5d6]}) 19. Rxd2 Bxc3 $8 20. Rxc3 $14 {White got bishops pair, which is
definitly stronger that black's knight and bishop, however with accurate play
black should neutralize white's pressure.} Nc8 (20... Nd7 $2 21. Bxc7 Nf6 22.
Bd6 Ne4 23. Bxe7 Nxc3 24. Bd6 $16) 21. h4 $5 a6 22. Rc1 N8a7 23. Nd4 Nxd4 24.
Rxd4 Nc6 25. Rd2 f6 (25... Nd8 $5) 26. f3 g5 27. hxg5 hxg5 28. Bg3 Kf7 29. Kf2
Nb4 $6 (29... Ne5 30. Rcd1) 30. a3 Nc6 31. b4 Ne5 32. Rcd1 Be6 $6 (32... Bc8 $5
) 33. Bxe5 $5 fxe5 34. Bd3 Rh8 (34... Rd7 35. Bg6+ (35. c6 $6 bxc6 36. Bxa6
Rxd2+ 37. Rxd2 Ra8 38. Bb7 Rxa3 39. Bxc6 $11) 35... Kxg6 36. Rxd7 Bxd7 37. Rxd7
Rc8 38. Ke3 $16 {[%csl Rc8]}) 35. Be4 c6 (35... b6 36. cxb6 cxb6 37. Rd6 Rb8
38. Rh1 $16) 36. Ke3 {White doesn't have a clear plan to improve the position,
however it's not so easy for black to defend.} Rc7 37. a4 Ke7 38. Rd6 Bb3 (
38... Rh2 $5) 39. R1d2 Be6 (39... Bxa4 $2 40. Rg6 Kf7 41. Rxg5 Re7 42. Rd6 $16)
40. Rd1 Bb3 41. Rb1 Ba2 (41... Bxa4 $6 42. Rg6) 42. Ra1 Be6 43. Rdd1 Rcc8 44.
Rh1 Bd5 (44... Kd7 $6 45. Rad1+ Kc7 46. Rxh8 Rxh8 47. Rd6 Re8 48. Bg6 Re7 49.
Ke4 Bd5+ 50. Kf5 $18) 45. b5 $6 a5 $6 (45... Rxh1 $1 46. Rxh1 Bxe4 47. Kxe4
cxb5 48. Rh7+ Kf6 49. Rxb7 Rxc5 50. Rb6+ Kf7 51. a5 b4 52. Rxa6 b3 $14) 46.
Rab1 Ke6 47. g4 Rcd8 48. bxc6 bxc6 (48... Bxc6 49. Rxh8 Rxh8 50. Bxc6 bxc6 51.
Rd1 Rb8 52. Rd6+ Ke7 53. Ke4 $1 $16) 49. Bh7 $1 {[%csl Re6][%cal Gb1b7,Gh1h6]}
Rb8 $6 (49... Kf6 $1 50. Rb7 Bf7 $8 51. Rc7 Kg7 52. Rh5 $1 Rxh7 53. Rxh7+ Kxh7
54. Rxf7+ Kg6 55. Ra7 Rd5 56. Rxa5 Kf6 $14) 50. Rb6 $1 Rxb6 (50... Kf6) 51.
cxb6 Kf6 $2 (51... Rb8 $8) 52. Bf5 $1 Rb8 (52... Rxh1 53. b7 Rh8 54. Bc8 Be6
55. b8=Q Rxc8 56. Qd6 $18 {[%cal Ge3e4]}) 53. Rh6+ Kg7 54. Rh7+ Kg8 55. b7 c5
$2 (55... Bf7 $1 56. Ke4 Rxb7 57. Kxe5 c5 58. Be4 (58. Kf6 Bd5) 58... Rb6 (
58... Re7+ $2 59. Kf6 Re6+ 60. Kxg5 Rxe4 61. Rxf7 Rxa4 62. Rc7 $18) 59. Rh2 Rb4
60. Kf6 Rxa4 61. Kxg5 $14) 56. Rc7 $18 Rxb7 (56... Bxb7 57. Rxc5 $18 {[%csl
Ra5,Re5,Rg5]}) 57. Be6+ $1 Bxe6 (57... Kf8 58. Rc8+ Ke7 59. Bxd5 $18) 58. Rxb7
Ba2 59. Rb5 c4 60. Rxe5 Bb3 61. Rxg5+ 1-0

[Event "Olympiad-36"]
[Site "Mallorca"]
[Date "2004.10.26"]
[Round "11"]
[White "Volokitin, Andrei"]
[Black "Nogueiras Santiago, Jesus"]
[Result "1-0"]
[WhiteElo "2652"]
[BlackElo "2546"]
[Annotator "Finkel,A"]
[PlyCount "59"]
[EventDate "2004.10.15"]
[EventType "team-swiss"]
[EventRounds "14"]
[EventCountry "ESP"]
[SourceTitle "CBM 104"]
[Source "ChessBase"]
[SourceDate "2005.01.27"]
[SourceVersion "1"]
[SourceVersionDate "2005.01.27"]
[SourceQuality "1"]
[WhiteTeam "Ukraine"]
[BlackTeam "Cuba"]
[WhiteTeamCountry "UKR"]
[BlackTeamCountry "CUB"]

1. e4 Nf6 2. e5 Nd5 3. d4 d6 4. c4 Nb6 5. exd6 exd6 6. Nc3 Be7 7. h3 {Very
solid set-up by white, wich is typical for Volokitin's pure positional style.}
(7. Bd3) 7... O-O 8. Bd3 (8. Nf3 c6 $6 9. Bd3 d5 10. cxd5 Nxd5 11. O-O Be6 12.
Re1 Nd7 13. a3 Re8 14. Qc2 Nf8 15. Bd2 $14 {Kuczynski,R-Appel,R/BL9697 1997 
(40)}) 8... Re8 (8... Bf6 $5 9. Nge2 Nc6 10. O-O Nxd4 11. Nxd4 Bxd4 12. Bxh7+
Kxh7 13. Qxd4 Bf5 14. b3 Re8 15. Be3 $14 {Hendriks,R-Etmans,M/Dieren op 1997 
(28)}) 9. Nge2 Bg5 {There is nothing wrong in trading the bishops, but in my
opinion a bit more accurate is 9...Nc6} (9... Nc6 $5 10. O-O Bf6 (10... Nb4 11.
Bb1 Nxc4 $2 12. a3 Nc6 13. Qd3 $18 {[%cal Gd3c4,Gd3h7]}) 11. Bb1 (11. Bc2 g6 $5
12. b3 Bg7 13. Be3 Ne7 14. Ng3 d5 15. c5 Nd7 16. Qd2 $14 {Gomez Baillo,
J-Malbran,G/Boca Juniors, Buenos Aires ARG 1998 (22)}) 11... g6 $5 12. b3 Bg7
13. Be3 Ne7 14. Qd2 Bf5 $11 {Giaccio,A-Malbran,G/Buenos Aires 1998}) (9... Na6
$6 10. O-O c6 11. Ng3 g6 12. Re1 Nc7 13. Bh6 Be6 14. b3 f5 15. Qd2 $14 {
Benjamin,J-Elsness,F/Erevan olm 1996 (40)}) 10. O-O Bxc1 11. Rxc1 Nc6 12. a3 {
The main problem for black in this line is to find a square for the
lightsquared bishop} Nd7 (12... Ne7 13. Qc2 Ng6 14. Rfd1 Nd7 15. b4 a5 16. c5
axb4 17. axb4 Nf6 $14) 13. b4 Nf6 14. Qc2 Bd7 15. Rfd1 Ne7 16. d5 $5 Ng6 (16...
a5 17. Nd4 axb4 18. axb4 c6 19. dxc6 Nxc6 20. Nxc6 bxc6 21. Ne4 $1 Nxe4 22.
Bxe4 {[%csl Rd6,Rh7]} Qh4 23. Rxd6 Rxe4 24. Rxd7 Rae8 25. b5 $16) 17. Nd4 Nh5 (
17... Nf4 18. Bf1 N6h5 19. Kh2 a5 $132) 18. Qd2 Ne5 $6 {Black is obviously
having troubles finding a plan.} (18... Ngf4) 19. Bf1 Qh4 20. g3 Qf6 21. c5 {
[%csl Rh5]} Qg6 $6 {Black is desperately trying to find a target in white's
camp, but white's position is perfectly solid. Meanwhile white's pressure on
the queenside is growing stronger and stronger.} 22. Bg2 dxc5 $6 23. bxc5 $16
Rad8 (23... Nd3 $2 24. c6 $1 (24. Qxd3 Re1+ 25. Kh2 Qxd3 26. Rxd3 Rxc1 27. c6
bxc6 28. dxc6 Be6 29. Nxe6 fxe6 30. Nb5 $36) 24... Nxc1 (24... Bc8 25. Qxd3
Re1+ 26. Rxe1 Qxd3 27. Re8#) 25. cxd7 Red8 26. Qxc1 Rxd7 27. Na4 $16) (23...
Rac8 $5) 24. Qc2 $5 Qh6 (24... Qxc2 25. Nxc2 Nc4 26. c6 bxc6 27. dxc6 Bf5 28.
Rxd8 Rxd8 29. Nb5 $16) 25. Ncb5 {Black has too many weaknesses on the
queenside to be able to protect them all.} Nf6 $6 26. Nxc7 Bxh3 27. Nxe8 Rxe8
28. Re1 Nfg4 (28... Bxg2 29. Kxg2 Nfg4 30. Rh1 $18) 29. f4 Bxg2 30. Qxg2 1-0

[Event "Olympiad-36"]
[Site "Mallorca"]
[Date "2004.10.20"]
[Round "6"]
[White "Kotronias, Vasilios"]
[Black "Baburin, Alexander"]
[Result "1-0"]
[WhiteElo "2599"]
[BlackElo "2527"]
[Annotator "Finkel,A"]
[PlyCount "43"]
[EventDate "2004.10.15"]
[EventType "team-swiss"]
[EventRounds "14"]
[EventCountry "ESP"]
[SourceTitle "CBM 104"]
[Source "ChessBase"]
[SourceDate "2005.01.27"]
[SourceVersion "1"]
[SourceVersionDate "2005.01.27"]
[SourceQuality "1"]
[WhiteTeam "Greece"]
[BlackTeam "Ireland"]
[WhiteTeamCountry "GRE"]
[BlackTeamCountry "IRL"]

1. e4 Nf6 2. e5 Nd5 3. d4 d6 4. c4 Nb6 5. f4 {In my opinion it's the most
dangerous set-up for black. As shows the following game, black could find
himself in deep troubles after just one inaccuracy.} Bf5 6. Nc3 e6 7. Nf3 (7.
exd6 cxd6 8. Bd3 Be7 9. Bxf5 exf5 10. b3 O-O 11. Nf3 $14 {Keogh,E-Baburin,A/
Kilkenny op 1996}) 7... Be7 (7... Na6 8. a3 (8. Be3 c5 9. exd6 Bxd6 10. Be2 O-O
11. O-O Qe7 12. Nb5 Bb8 13. Rc1 Nd7 $13 {Mohammad,S-Gausel,E/Erevan olm 1996})
8... c5 9. dxc5 dxc5 10. Be3 Qxd1+ 11. Rxd1 Rd8 12. Rxd8+ Kxd8 13. Be2 f6 14.
Kd2 Bg4 15. b3 $14 {Golts,R-Kleist,F/Canadian Open 1999}) 8. Be3 (8. Bd3 Bxd3
9. Qxd3 Nc6 10. O-O O-O 11. Be3 d5 $132 {Larsen,H-Larsen,O/Aalborg op 1995})
8... O-O 9. Bd3 d5 $6 {It's strange that this dubious move was tried quite a
few time, even though white's initiative appears to be very strong.} (9... Bxd3
10. Qxd3 d5 11. c5 (11. b3 Nc6 12. c5 Nc8 13. a3 f5 14. b4 Qe8 15. h3 a6 16. g4
$16 {Fontaine,R-Olivier,J/Cannes 2002}) 11... Nc4 12. b3 Nxe3 13. Qxe3 b6 14.
Na4 c6 15. O-O Nd7 16. b4 $14 {Marjanovic,S-Cooper,J/Teeside 1973}) 10. Bxf5 (
10. c5 Nc4 11. Bxc4 dxc4 12. Qa4 Bd3 13. O-O-O Qd7 14. b3 Qxa4 15. Nxa4 b5 16.
Nc3 c6 17. Ne1 Bg6 $132 {Hebert,J-Wright,J/corr 1977}) 10... exf5 11. c5 Nc4
12. Bf2 c6 (12... Nxb2 $2 13. Qb1 Nc4 14. Qxb7 c6 15. Qxa8 Qc7 16. O-O Na6 17.
Nxd5 $18 {Stein,L-Mikenas,V/Yerevan 1962}) 13. b3 Na5 $6 (13... Na3 $142 14.
Qd3 Qd7 15. O-O-O b6 16. h3 Nb5 17. Nxb5 cxb5 18. g4 Rc8 19. Kb2 bxc5 20. dxc5
Bxc5 21. Bxc5 Rxc5 22. gxf5 $14) 14. Qc2 $16 g6 15. h3 {[%cal Gg2g4] White is
ready to start an attack on the kingside while black still has to complete
development of his queenside pieces.} b6 (15... Qd7) 16. g4 fxg4 17. hxg4 f5
18. Bh4 $1 {Trading the only defender of the king and preparing to bring the
knight to g5.} bxc5 (18... fxg4 19. Bxe7 Qxe7 20. Ng5 Rxf4 21. Nxh7 Nd7 22.
Qxg6+ Qg7 23. Qe6+ Qf7 24. Qh6 $18) 19. Bxe7 Qxe7 20. Ng5 cxd4 21. Rxh7 Qb4 22.
Ke2 {Black is helpless against the mating threats over the h-file.} (22. Ke2
Qxc3 23. Qxc3 dxc3 24. Rah1 fxg4 25. Rh8+ Kg7 26. R1h7#) 1-0

[Event "EU-Cup 13th Group6"]
[Site "Heraklion"]
[Date "1997.10.10"]
[Round "1"]
[White "Nedev, Trajce"]
[Black "Oney, Adil Feridun"]
[Result "0-1"]
[WhiteElo "2445"]
[BlackElo "2305"]
[Annotator "Finkel,A"]
[PlyCount "86"]
[EventDate "1997.10.10"]
[EventType "team-k.o."]
[EventRounds "3"]
[EventCountry "GRE"]
[SourceTitle "EXT 2020"]
[Source "ChessBase"]
[SourceDate "2019.10.17"]
[SourceVersion "1"]
[SourceVersionDate "2019.10.17"]
[SourceQuality "1"]
[WhiteTeam "Skopje Alkaloid"]
[BlackTeam "Istanbul Oyak Sigorta-SGM"]
[WhiteTeamCountry "MKD"]
[BlackTeamCountry "TUR"]

1. e4 Nf6 2. e5 Nd5 3. d4 d6 4. c4 Nb6 5. exd6 $5 cxd6 6. Nc3 g6 7. Be3 Bg7 8.
Rc1 O-O 9. b3 (9. Be2 d5 $5) 9... Nc6 10. d5 Ne5 (10... Nb8 11. Be2 e5 12. dxe6
Bxe6 13. Nf3 Nc6 14. O-O $14) 11. Be2 Ned7 {Black has tried different moves in
this position,but neither of them does'nt show a way to equality.Let's see a
few examples:} (11... f5 12. f4 (12. Qd2 $5 e6 13. dxe6 Bxe6 14. Nf3 Kh8 15.
O-O $14 {Dumont,S-Teixeira,R/Olicio Gadia mem, Rio de Janeiro BRA 1997 (30)})
12... Ng4 (12... Bh6 13. Qd2 Nf7 14. Nf3 e5 15. dxe6 Bxe6 16. O-O $16 {
Pedersen Nicolai Vesterbaek-Hjorth Torben/It (open), Aalborg (Denmark) 1995 
(28)}) 13. Bxg4 fxg4 14. Nge2 $14) (11... Re8 $5 12. Nf3 e6 13. dxe6 Bxe6 14.
Nxe5 Bxe5 15. O-O d5 $5 16. Bxb6 Qxb6 17. cxd5 Rad8 18. Bc4 Bf5 19. Qd2 $5 (19.
Qf3 $5 a6 20. a4 Qf6 21. h3 Bc7 22. g4 Qd6 23. Rfe1 $14 {Degraeve,J-Santo
Roman,M/ch-FRA, Narbonne FRA 1997 (61)}) 19... a6 20. a4 Qd6 21. g3 h5 22. Rfe1
$14 {Kuczynski,R-Nokka,R/Nordic-chT Pohja 1985 (29)}) (11... h5 $5 12. h3 (12.
Nf3 $5 Ng4 13. Bg5 $14) 12... e6 13. dxe6 Bxe6 14. Nb5 d5 15. c5 d4 $1 16. Nxd4
Nd5 17. Bd2 Re8 $44 {Rodriguez,R-Limeres,C/San Sebastian op 1995 (54)}) (11...
e6 12. f4 $1 Ned7 (12... Bh6 $145 13. Qd2 $1 $16 Ng4 $140 14. Bxg4 Qh4+ 15. Qf2
Qxg4 16. h3 Qf5 17. g4 Qd3 (17... Qf6 18. g5) 18. Nge2 exd5 19. Rd1 Qxd1+ (
19... Qc2 20. Rd2) 20. Nxd1 dxc4 21. f5 $18 {Raecki-Velicka/Apolda op, SW 1992
(35)}) 13. dxe6 fxe6 14. Qxd6 e5 15. Nf3 $5 (15. c5 $5 exf4 16. Bf2 Qg5 17. Nf3
Qxg2 18. Rg1 Qh3 19. cxb6 Nxb6) 15... exf4 16. Bxf4 Nc5 17. O-O Bg4 (17... Bxc3
18. Qxd8) 18. h3 Bxc3 19. hxg4 $1 $16 {Ivanov,V-Bagirov,R/Moscow 1995 (39)})
12. Nf3 Nf6 13. h3 $14 (13. Nd4 a6 14. O-O Nbd7 (14... e5 15. dxe6 fxe6 16. Bf3
$16 {+/= Chernyshov,K-Zoltek,T/Pardubice 1992}) 15. h3 $1 Re8 16. Qd2 Nc5 17.
Bf3 Bd7 18. b4 $16 {Zetocha Claudiu-Kahn Evarth/Memorial Schneider, Budapest 
(Hungary) 1995 (38)}) 13... Nbd7 14. O-O Re8 {Black does'nt have enough space
for his pieces and his only counterchance is to transfer e6 after which the
pawn on d6 will become a target for the white pieces.} 15. Re1 ({More accurate
was to play} 15. Qd2 {immediatly and then to put a rook on d1.}) 15... Nf8 16.
Qd2 Bd7 17. b4 $5 {White has very significient advantage in space and all his
pieces take good positions,which means that he is ready for the breakthrough.
Last move shows white's intentions to play on the queenside.Also desrved
attention} (17. Rcd1 $5 a6 18. b4 b6 19. a3 Rc8 20. Nd4 e6 21. dxe6 Nxe6 22.
Nb3 $16) 17... e6 18. Nd4 $5 (18. dxe6 $5 Bxe6 19. Red1 Rc8 20. Nb5 (20. Qxd6
$6 Qxd6 21. Rxd6 Bxc4 22. Bxa7 Bxe2 23. Nxe2 Ra8 $15) 20... Ne4 21. Qd3 Bf5 22.
Qd5 $1 Bb2 23. Rb1 Nf6 24. Qxb7 Bxb1 25. Rxb1 $16) 18... a6 $6 (18... a5 $5 19.
a3 exd5 20. cxd5 axb4 21. axb4 Ne4 $1 22. Nxe4 Rxe4 23. Bf3 Re8 24. Nc6 $5 $14)
19. Nb3 $6 (19. dxe6 $1 Nxe6 20. Nb3 Bc6 21. Rcd1 Qc7 22. a4 $1 Rad8 23. a5 $16
) 19... Rc8 $1 {Suddenly black gets some counterchances.} 20. Na5 $5 b6 21. Nb3
exd5 22. Nxd5 Ne4 23. Qd1 Rb8 24. Bd4 $5 (24. Bf3 $6 Ng5 25. Bg4 f5 26. Be2
Nfe6 $132) 24... f6 $6 (24... Ne6 $5 25. Bxg7 Nxg7 $5 (25... Kxg7 26. Qd3 f5
27. Nd2 $1 Nxd2 28. Qc3+ $1 Kf7 29. Qxd2 $16) 26. Bf3 Bf5 27. Nd4 $6 Qh4 28.
Qc2 $5 Ng5 29. Rxe8+ Rxe8 30. Qb2 Re5 $132) 25. Bd3 Ng5 26. Rxe8 $16 Bxe8 27.
Qe2 (27. f4 $1 Nge6 28. Bb2 Rc8 29. f5 $16) 27... Nge6 28. Bc3 Bf7 29. a4 $5
Nd7 30. a5 f5 $2 {That's true that black has extremly unpleasant position,but
his last move makes things even worse.} (30... bxa5 31. Nxa5 Rc8 (31... Ne5 $6
32. Bxe5 dxe5 33. Nc6 Nd4 $1 34. Nde7+ $1 Kh8 35. Qe3 $18) 32. Nb7 Qf8 33. Re1
Ne5 {was more persistant.}) 31. Bxg7 Kxg7 32. Re1 $2 ({Missing} 32. Qb2+ $1 Kg8
33. axb6 Nxb6 34. Nf6+ {with easily wining position.}) 32... Qg5 33. g3 $6 {
Weakening square f3,which prooves to be very important.} (33. axb6 $5 Nxb6 34.
Qb2+ Kh6 35. Nxb6 Rxb6 36. g3 $1 $14) 33... bxa5 34. Nxa5 Ne5 $132 35. Qb2 $5 (
35. h4 $6 Qg4 36. Qxg4 fxg4 37. Be4 Nd4 $36) (35. Nb3 $5 a5 $1 36. b5 a4 37. h4
$1 Qh6 38. Qb2 $1 Kf8 39. Rxe5 $8 Qg7 $1 (39... dxe5 $2 40. Qxe5 $16) 40. Re2
Qxb2 41. Rxb2 axb3 42. Rxb3 Nc5 43. Ra3 Bxd5 $10) 35... Nc5 36. Nf4 $4 {
Loosing on the spot,while after} (36. Rxe5 $1 Nxd3 37. Rxf5+ Nxb2 38. Rxg5 Be6
39. Nc7 Bxc4 40. Nxc4 Nxc4 41. Nxa6 Rb6 $10 {the position is drawn.}) 36... Qf6
$1 $19 37. Qe2 Rxb4 38. Bc2 Rb2 $1 39. Nd5 Bxd5 40. cxd5 Rxc2 41. Qxc2 Nf3+ 42.
Kf1 Nxe1 43. Kxe1 Qa1+ 0-1